000 01549nam a2200301 4500
001 0000021999
003 CO-CtgCURN
005 20250515194442.0
007 ta
008 160627s2003 000 0 eng d
020 _a9586167550
040 _aCO-CtgCURN
_bspa
_ccoctgcurn
082 0 _a346.5
_bH352t
100 1 _aHinestrosa Forero, Fernando.
245 1 0 _aTratado de las obligaciones :
_bconcepto, estructura, vicisitudes /
_cFernando Hinestrosa Forero.
250 _a2a ed.
260 _aBogotá :
_bUniversidad Externado de Colombia,
_c2003.
300 _aV. 1.
336 _2rdacontent
337 _2rdamedia
_asin mediacion
_bn
338 _2rdacarrier
_avolumen
_bnc
504 _aBibliografia (p. 903-917)
505 8 _aConcepto de la relacion obligatoria.--Estructura de la relacion obligatoria.--Obligaciones naturales.--Los sujetos de la obligacion.--La prestacion.--Clases de prestacion.--Obligaciones de entregar.--Obligaciones pecunarias.--Los intereses.--Obligaciones de hacer.--Obligaciones de medios y de resultado.--Obligaciones de ejecucion instantanea y de ejecucion sucesiva.--Existencia del objeto.--Obligaciones objetivamente colectivas.--Vicisitudes de la obligacion.--Sucesion en la deuda.--Cesion de contrato de prestaciones correlativas.--Modificaciones del objeto y del contenido y contenido de la obligacion.--La prestacion
650 1 4 _aResponsabilidad civil.
908 _a160627
942 _cBK
_h346.5
_iH352t
_2ddc
_n0
999 _c20205
_d20205